01129nam a2200253Ia 4500003000400000005001700004008004100021020001800062040001800080041000800098082002100106100002900127245016900156250001200325260003300337300002500370650001700395651008600412651005700498651011100555942003000666999001900696952016000715OSt20240427111322.0210716s2007 xx 000 0 und d a9780691120201 cAIMIT LIBRARY aeng a374.22 21bKHUR aKhurana, Rakesh.9162388 aFrom higher aim to hired hands: bsocial transformation of american business schools and the unfulfilled promise of management as a profession /cBy Rakesh Khurana a1st ed. aOxford :bPrinceton ,c2007. aviii,331p. ;bPBcHB aNone9162389 aThe professionalization project in American business education, 1881-19419162390 aThe institutionalization of business schools9162391 aThe triumph of the market and the abandonment of the professionalization project 1970 the presenmt9162392 2ddccBKe1stk374.22 KHUR c206484d206484 00102ddc40708MBAaAIMITbAIMITd2011-02-14g35.00iBill no:; Bill dt:1900-01-00l0o374.22 KHURpMBA09050r2026-05-23 00:00:00v1680.00w2021-07-16yBK